<?xml version="1.0" encoding="UTF-8"?><?xml-stylesheet type="text/xsl" href="static/style.xsl"?><OAI-PMH xmlns="http://www.openarchives.org/OAI/2.0/" xmlns:xsi="http://www.w3.org/2001/XMLSchema-instance" xsi:schemaLocation="http://www.openarchives.org/OAI/2.0/ http://www.openarchives.org/OAI/2.0/OAI-PMH.xsd"><responseDate>2026-06-01T01:21:30Z</responseDate><request verb="GetRecord" identifier="oai:riuma.uma.es:10630/13391" metadataPrefix="marc">https://riuma.uma.es/rest/oai/request</request><GetRecord><record><header><identifier>oai:riuma.uma.es:10630/13391</identifier><datestamp>2026-02-03T10:19:59Z</datestamp><setSpec>com_10630_1685</setSpec><setSpec>col_10630_38055</setSpec></header><metadata><record xmlns="http://www.loc.gov/MARC21/slim" xmlns:dcterms="http://purl.org/dc/terms/" xmlns:doc="http://www.lyncode.com/xoai" xmlns:xsi="http://www.w3.org/2001/XMLSchema-instance" xsi:schemaLocation="http://www.loc.gov/MARC21/slim http://www.loc.gov/standards/marcxml/schema/MARC21slim.xsd">
   <leader>00925njm 22002777a 4500</leader>
   <datafield ind2=" " ind1=" " tag="042">
      <subfield code="a">dc</subfield>
   </datafield>
   <datafield ind2=" " ind1=" " tag="720">
      <subfield code="a">Palacios Ramírez, José Antonio</subfield>
      <subfield code="e">author</subfield>
   </datafield>
   <datafield ind2=" " ind1=" " tag="260">
      <subfield code="c">2017-03-29</subfield>
   </datafield>
   <datafield ind2=" " ind1=" " tag="520">
      <subfield code="a">Hoy en día hay una gran cantidad de servicios que permiten la&#xd;
visualización de contenidos a través de internet, además de información referente a&#xd;
los mismos contenidos. Según un estudio, consumimos más de 8 horas semanales&#xd;
de contenido multimedia, ya sean series, películas, etc. Por ese motivo, tanto la&#xd;
información que consultamos como nuestra propia información generada en los&#xd;
propios servicios queda fragmentada. Este proyecto trata de solucionar este problema&#xd;
mediante el desarrollo de una aplicación multiplataforma para web y sistemas móviles&#xd;
Android e iOS. Su objetivo es centralizar toda la información de contenidos en esta&#xd;
aplicación mediante una experiencia de usuario sencilla y rápida de clasificación de&#xd;
películas en diferentes listas, que el usuario podrá gestionar desde su propio perfil. El&#xd;
sistema permitirá buscar películas por su título, seguir a otros usuarios y consultar la&#xd;
información relevante de la película, agregando además un amplio conjunto de&#xd;
puntuaciones de otras páginas importantes.</subfield>
   </datafield>
   <datafield ind1="8" ind2=" " tag="024">
      <subfield code="a">http://hdl.handle.net/10630/13391</subfield>
   </datafield>
   <datafield tag="653" ind2=" " ind1=" ">
      <subfield code="a">Sistemas multimedia</subfield>
   </datafield>
   <datafield tag="653" ind2=" " ind1=" ">
      <subfield code="a">Peliculas - Sistemas de información</subfield>
   </datafield>
   <datafield tag="653" ind2=" " ind1=" ">
      <subfield code="a">Informática - Trabajos Fin de Grado</subfield>
   </datafield>
   <datafield tag="653" ind2=" " ind1=" ">
      <subfield code="a">Grado en Ingeniería del Software - Trabajos Fin de Grado</subfield>
   </datafield>
   <datafield ind2="0" ind1="0" tag="245">
      <subfield code="a">Servicio multiplataforma para la consulta y gestión de contenido multimedia</subfield>
   </datafield>
</record>
</metadata></record></GetRecord></OAI-PMH>